Statistics for Top 10 Most German U.S. States

Click here to take the quiz!

General Stats

  • This quiz has been taken 10,319 times
  • The average score is 7 of 10

Answer Stats

% State % Correct
40.0North Dakota
76%
33.0Minnesota
76%
38.7South Dakota
76%
24.6Ohio
74%
39.6Wisconsin
71%
33.8Iowa
69%
24.1Pennsylvania
66%
25.5Montana
65%
34.6Nebraska
64%
25.5Kansas
62%

Score Distribution

Percentile by Number Answered

Percent of People with Each Score

Your Score History

You have not taken this quiz